000 00423nam a22001697a 4500
999 _c251738
_d251738
003 OSt
005 20230803102732.0
008 151203b xxu||||| |||| 00| 0 eng d
020 _a8170004292
040 _cRU
050 _aZ692
_b.A45 2005
100 _a Ali, Amjad
245 _aDigital Libraries in Higher Education
260 _aNew Delhi, India
_bEss Ess Publications
_c2005
300 _a249p
942 _2lcc
_cBK